[Event "SCO-ch 124th"]
[Site "Dundee"]
[Date "2017.07.15"]
[Round "1"]
[White "Doyle, James J"]
[Black "McKay, Roderick M"]
[Result "0-1"]
[WhiteElo "1850"]
[BlackElo "2326"]
[PlyCount "116"]
[EventDate "2017.07.15"]
[EventType "swiss"]
[EventRounds "9"]
[EventCountry "SCO"]
[SourceTitle "CBM 179 Extra"]
[Source "ChessBase"]
[SourceDate "2017.08.23"]
[SourceVersion "1"]
[SourceVersionDate "2017.08.23"]
[SourceQuality "1"]

1. e4 d6 2. d4 Nf6 3. Nc3 e5 4. Nf3 Nbd7 5. Be2 c6 6. 0-0 h6 7. a4 Qc7 8. a5 Be7 9. h3 0-0 10. Be3 Re8 11. Qd2 Bf8 12. dxe5 dxe5 13. g4 Nc5 14. Bd3 Be6 15. Qe2 Rad8 16. Rfd1 b5 17. axb6 axb6 18. Nh4 b5 19. Qf3 Nfd7 20. Nf5 Ra8 21. g5 hxg5 22. Bxg5 b4 23. Ne2 Bxf5 24. Qxf5 Nb6 25. h4 Be7 26. Qg4 Bxg5 27. hxg5 Qc8 28. Qg3 Qe6 29. Kg2 Nbd7 30. Rh1 Nf8 31. Rxa8 Rxa8 32. Rd1 Ng6 33. b3 Nxd3 34. Rxd3 Qe7 35. Qg4 Qc5 36. c4 bxc3 37. Rxc3 Nf4+ 38. Kf3 Qb4 39. Rxc6 Qxb3+ 40. Rc3 Qd1 41. Rc8+ Rxc8 42. Qxc8+ Kh7 43. Qf5+ Ng6 44. Qh3+ Kg8 45. Qc8+ Nf8 46. Qc4 g6 47. Ke3 Qd8 48. f4 exf4+ 49. Nxf4 Qxg5 50. Kf3 Qg1 51. Qc2 Qf1+ 52. Ke3 Qa6 53. Kf3 Nd7 54. Qc3 Nf6 55. Nd3 Qe6 56. Qd4 Qg4+ 57. Ke3 Qg2 58. Nf2 Ng4+ 0-1

[Event "SCO-ch 123rd"]
[Site "Glasgow"]
[Date "2016.07.17"]
[Round "9"]
[White "Doyle, James J"]
[Black "Green, Andrew"]
[Result "0-1"]
[WhiteElo "1902"]
[BlackElo "2111"]
[PlyCount "59"]
[EventDate "2016.07.09"]
[EventType "swiss"]
[EventRounds "9"]
[EventCountry "SCO"]
[SourceTitle "CBM 173 Extra"]
[Source "ChessBase"]
[SourceDate "2016.08.29"]
[SourceVersion "1"]
[SourceVersionDate "2016.08.29"]
[SourceQuality "1"]

1. d4 Nf6 2. c4 c5 3. Nf3 cxd4 4. Nxd4 e5 5. Nb3 d5 6. cxd5 Qxd5 7. Qc2 Nc6 8. Bd2 Nb4 9. Bxb4 Bxb4+ 10. N3d2 0-0 11. a3 Ba5 12. Nc3 Bxc3 13. bxc3 Be6 14. e4 Qc5 15. Be2 Rfc8 16. c4 Rc7 17. 0-0 Rac8 18. a4 Nd7 19. Rfb1 Qe7 20. a5 f6 21. h3 Nc5 22. Rc1 Qf7 23. Qc3 Qg6 24. Qe3 Rd8 25. Re1 Bxh3 26. Qxh3 Rxd2 27. Qe3 Rd4 28. f3 Ne6 29. Rab1 Nf4 30. c5 0-1

[Event "SCO-ch 123rd"]
[Site "Glasgow"]
[Date "2016.07.15"]
[Round "7"]
[White "Doyle, James J"]
[Black "Abdulla, Murad"]
[Result "0-1"]
[WhiteElo "1902"]
[BlackElo "2101"]
[PlyCount "66"]
[EventDate "2016.07.09"]
[EventType "swiss"]
[EventRounds "9"]
[EventCountry "SCO"]
[SourceTitle "CBM 173 Extra"]
[Source "ChessBase"]
[SourceDate "2016.08.29"]
[SourceVersion "1"]
[SourceVersionDate "2016.08.29"]
[SourceQuality "1"]

1. d4 Nf6 2. c4 g6 3. Nc3 d5 4. Bg5 Ne4 5. h4 Bg7 6. e3 c5 7. cxd5 Nxc3 8. bxc3 Qxd5 9. Qb3 Qxb3 10. axb3 e5 11. h5 h6 12. Bh4 g5 13. Bg3 exd4 14. cxd4 cxd4 15. exd4 Bxd4 16. 0-0-0 Bg7 17. Bc4 0-0 18. f4 g4 19. Ne2 Nc6 20. Rhf1 Bf5 21. Bf2 Rac8 22. Ng3 Be6 23. Kb1 Na5 24. Bxe6 fxe6 25. b4 Nc4 26. Bc5 Rxc5 27. bxc5 Ne3 28. Ne2 Nxf1 29. Rxf1 Rf5 30. Ng3 Rxc5 31. f5 Rb5+ 32. Kc1 Be5 33. fxe6 Rc5+ 0-1

[Event "Ayr op"]
[Site "Ayr"]
[Date "2016.05.28"]
[Round "2"]
[White "Doyle, James J"]
[Black "Green, Andrew"]
[Result "0-1"]
[WhiteElo "1917"]
[BlackElo "2135"]
[PlyCount "122"]
[EventDate "2016.05.27"]
[EventType "swiss"]
[EventRounds "5"]
[EventCountry "SCO"]
[SourceTitle "CBM 172 Extra"]
[Source "ChessBase"]
[SourceDate "2016.06.21"]
[SourceVersion "1"]
[SourceVersionDate "2016.06.21"]
[SourceQuality "1"]

1. d4 Nf6 2. c4 g6 3. Nc3 d5 4. Bg5 Ne4 5. h4 c5 6. Nxe4 dxe4 7. dxc5 Qa5+ 8. Bd2 Qxc5 9. Bc3 f6 10. e3 Nc6 11. Qd5 e5 12. 0-0-0 Bf5 13. Qxc5 Bxc5 14. Be2 Nb4 15. Bxb4 Bxb4 16. a3 Be7 17. h5 Kf7 18. Nh3 Be6 19. Kb1 Rac8 20. Rc1 Rhd8 21. Rhd1 Rxd1 22. Rxd1 Ke8 23. Rc1 b5 24. hxg6 hxg6 25. f4 bxc4 26. fxe5 fxe5 27. Nf2 Bg5 28. Rc3 Bf5 29. g4 Be6 30. Nxe4 Be7 31. Nd2 Bf6 32. Ne4 Be7 33. Nd2 Bf6 34. Nxc4 Rd8 35. Kc2 e4 36. Rb3 Rc8 37. Rb4 Bg5 38. Kd2 Be7 39. Ra4 Rd8+ 40. Kc2 Rc8 41. b3 Bc5 42. Ra6 Ke7 43. Kd2 g5 44. b4 Rd8+ 45. Kc3 Bxc4 46. Bxc4 Bb6 47. a4 Rd6 48. a5 Bxe3 49. Rxd6 Kxd6 50. Be2 Kd5 51. Bd1 Bd4+ 52. Kb3 Bf2 53. Kc3 Be1+ 54. Kb3 Kd4 55. a6 Ke3 56. b5 Ba5 57. Bc2 Kf3 58. Bd1+ Kf2 59. Kc2 Ke1 60. Kc1 e3 61. Bf3 Kf2 0-1

[Event "Edinburgh Premier"]
[Site "Edinburgh"]
[Date "2016.04.09"]
[Round "3.9"]
[White "Doyle, James J"]
[Black "Lauridsen, Jesper Morch"]
[Result "1/2-1/2"]
[WhiteElo "1933"]
[BlackElo "2275"]
[PlyCount "58"]
[EventDate "2016.04.08"]
[EventType "swiss"]
[EventRounds "5"]
[EventCountry "SCO"]
[SourceTitle "EXT 2023"]
[Source "ChessBase"]
[SourceDate "2022.10.05"]
[SourceVersion "1"]
[SourceVersionDate "2022.10.05"]
[SourceQuality "1"]

1. e4 c5 2. Nf3 d6 3. d4 cxd4 4. Nxd4 Nf6 5. Nc3 g6 6. Be2 Bg7 7. 0-0 0-0 8. Be3 Nc6 9. Nxc6 bxc6 10. f3 Rb8 11. Rb1 Qa5 12. Kh1 Nh5 13. g4 Bxc3 14. bxc3 Rxb1 15. Qxb1 Qxc3 16. Qb3 Qxb3 17. axb3 Ng7 18. Ra1 a6 19. Bxa6 Bxa6 20. Rxa6 c5 21. Ra7 Re8 22. Kg2 f5 23. exf5 gxf5 24. h4 fxg4 25. fxg4 Kf7 26. Kf3 h5 27. gxh5 Nxh5 28. Rd7 Kf6 29. Bf4 e5 1/2-1/2

[Event "SCO-ch 122nd"]
[Site "Edinburgh"]
[Date "2015.07.11"]
[Round "1"]
[White "Rooze, Jan"]
[Black "Doyle, James J"]
[Result "1-0"]
[WhiteElo "2316"]
[BlackElo "1962"]
[PlyCount "85"]
[EventDate "2015.07.11"]
[EventType "swiss"]
[EventRounds "9"]
[EventCountry "SCO"]
[SourceTitle "CBM 167 Extra"]
[Source "ChessBase"]
[SourceDate "2015.09.14"]
[SourceVersion "1"]
[SourceVersionDate "2015.09.14"]
[SourceQuality "1"]

1. e4 c6 2. d4 d5 3. e5 Bf5 4. Nf3 e6 5. Be2 Be7 6. 0-0 Nd7 7. Nbd2 h5 8. c4 dxc4 9. Nxc4 Nb6 10. b3 Nh6 11. a4 Bg6 12. a5 Nd5 13. Bd3 Bxd3 14. Qxd3 Nf5 15. Bd2 g5 16. a6 b6 17. Qe4 g4 18. Ne1 Bg5 19. Nc2 Bxd2 20. Nxd2 Qg5 21. f4 Qe7 22. Qd3 Kf8 23. Nc4 Rd8 24. Rad1 Kg7 25. Rd2 c5 26. Kh1 h4 27. Kg1 cxd4 28. Nd6 Nxd6 29. exd6 Qf6 30. Qe2 g3 31. Nxd4 gxh2+ 32. Kh1 Rxd6 33. f5 e5 34. Nb5 Rd7 35. Qg4+ Kf8 36. Qc4 h3 37. g4 Ne3 38. Qc8+ Kg7 39. Qxd7 Nxf1 40. Rd6 Qh4 41. Rg6+ Kf8 42. Qc8+ Ke7 43. f6+ 1-0

[Event "Commonwealth-ch"]
[Site "Glasgow"]
[Date "2014.07.01"]
[Round "2"]
[White "Doyle, James J"]
[Black "Bhakti, Kulkarni"]
[Result "0-1"]
[WhiteElo "1981"]
[BlackElo "2231"]
[PlyCount "76"]
[EventDate "2014.06.30"]
[EventType "swiss"]
[EventRounds "9"]
[EventCountry "SCO"]
[SourceTitle "CBM 161 Extra"]
[Source "ChessBase"]
[SourceDate "2014.08.29"]
[SourceVersion "1"]
[SourceVersionDate "2014.08.29"]
[SourceQuality "1"]

1. d4 Nf6 2. c4 g6 3. Nc3 Bg7 4. e4 d6 5. f3 e5 6. Nge2 0-0 7. Be3 Nc6 8. Qd2 Nd7 9. d5 Ne7 10. Bh6 f5 11. Bxg7 Kxg7 12. exf5 gxf5 13. Qg5+ Kh8 14. Nc1 Rg8 15. Qh4 a6 16. Nb3 Qf8 17. 0-0-0 f4 18. Bd3 Nf6 19. g4 Qg7 20. Rhg1 b5 21. cxb5 axb5 22. Bxb5 Bb7 23. g5 Nfxd5 24. Nxd5 Bxd5 25. Rxd5 Nxd5 26. Bc6 Nb4 27. Bxa8 Nxa2+ 28. Kb1 Rxa8 29. g6 Nb4 30. Qe1 Rb8 31. h4 hxg6 32. Qe4 d5 33. Qxg6 Qxg6+ 34. Rxg6 Nd3 35. Ka2 c5 36. Rg2 c4 37. Na1 e4 38. fxe4 dxe4 0-1

[Event "Ayr Shire & Arran Congress"]
[Site "Ayr"]
[Date "2014.05.24"]
[Round "3"]
[White "Doyle, James J"]
[Black "Smith, Peter R"]
[Result "1-0"]
[WhiteElo "1906"]
[BlackElo "1898"]
[PlyCount "71"]
[EventDate "2014.05.??"]
[EventType "swiss"]
[EventRounds "5"]
[EventCountry "SCO"]
[SourceTitle "EXT 2023"]
[Source "ChessBase"]
[SourceDate "2022.10.05"]
[SourceVersion "1"]
[SourceVersionDate "2022.10.05"]
[SourceQuality "1"]

1. d4 Nf6 2. c4 c5 3. d5 b5 4. e3 bxc4 5. Bxc4 d6 6. Nc3 g6 7. h3 Bg7 8. Nf3 0-0 9. 0-0 Nbd7 10. e4 Nb6 11. Be2 Bb7 12. a4 a5 13. Qc2 h6 14. Rd1 Nfd7 15. Be3 Nb8 16. Qc1 Kh7 17. Nh2 Na6 18. f4 Nb4 19. g4 f5 20. Bf3 Qd7 21. gxf5 gxf5 22. exf5 Bxc3 23. bxc3 N4xd5 24. Bf2 Nf6 25. Qc2 Rg8+ 26. Kh1 Bxf3+ 27. Nxf3 Qc6 28. Qe2 Rg7 29. Kh2 Qe4 30. Qxe4 Nxe4 31. Bh4 Rag8 32. Re1 Rg2+ 33. Kh1 Nf2+ 34. Bxf2 Rxf2 35. Rxe7+ Rg7 36. f6 1-0

[Event "Oban op"]
[Site "Oban"]
[Date "2013.11.15"]
[Round "1"]
[White "Mannion, Stephen R"]
[Black "Doyle, James J"]
[Result "1-0"]
[WhiteElo "2370"]
[BlackElo "1906"]
[PlyCount "102"]
[EventDate "2013.11.15"]
[EventType "swiss"]
[EventRounds "5"]
[EventCountry "SCO"]
[SourceTitle "EXT 2023"]
[Source "ChessBase"]
[SourceDate "2022.10.05"]
[SourceVersion "1"]
[SourceVersionDate "2022.10.05"]
[SourceQuality "1"]

1. e4 c6 2. d4 d5 3. f3 Qb6 4. Nc3 e6 5. a3 Nd7 6. Nge2 Ne7 7. Na4 Qd8 8. b4 Ng6 9. Ng3 Qh4 10. Nc3 Bd6 11. Nce2 f5 12. e5 Ndxe5 13. dxe5 Bxe5 14. f4 Bxa1 15. Be3 Bf6 16. Qd2 0-0 17. c3 e5 18. fxe5 Nxe5 19. Nd4 Ng4 20. Nf3 Re8 21. Nxh4 Rxe3+ 22. Kd1 Bxh4 23. Be2 f4 24. Kc1 Bf6 25. Bd3 Ne5 26. Be2 Bd7 27. Nh5 Nc4 28. Bxc4 Rxc3+ 29. Kd1 Bg4+ 30. Be2 Bxh5 31. Bxh5 g6 32. Qxf4 Rf8 33. Bg4 Rxa3 34. Rf1 Ra1+ 35. Kc2 Ra2+ 36. Kb3 Rb2+ 37. Ka3 Rc2 38. Qd6 Rc3+ 39. Ka2 Rc2+ 40. Kb1 Rb2+ 41. Kc1 Bg5+ 42. Kxb2 Rxf1 43. Bf3 Rf2+ 44. Kb3 Rd2 45. Qb8+ Kg7 46. Qxb7+ Kh6 47. Qxc6 Rd3+ 48. Ka4 Bd2 49. Bxd5 Rd4 50. Bc4 Bf4 51. g3 Bg5 1-0

[Event "SCO-ch 120th"]
[Site "Helensburgh"]
[Date "2013.07.13"]
[Round "8"]
[White "Green, Andrew"]
[Black "Doyle, James J"]
[Result "1-0"]
[WhiteElo "2160"]
[BlackElo "2009"]
[PlyCount "97"]
[EventDate "2013.07.06"]
[EventType "swiss"]
[EventRounds "9"]
[EventCountry "SCO"]
[SourceTitle "EXT 2014"]
[Source "ChessBase"]
[SourceDate "2013.11.20"]
[SourceVersion "1"]
[SourceVersionDate "2013.11.20"]
[SourceQuality "1"]

1. e4 c6 2. d4 d5 3. e5 Bf5 4. Nd2 e6 5. Nb3 Nd7 6. Nf3 Be7 7. Be2 h5 8. a4 g5 9. h3 Nh6 10. Be3 Bg6 11. Qd2 Nf5 12. Bxg5 Bxg5 13. Nxg5 Qe7 14. 0-0-0 a6 15. g4 Ng7 16. f4 c5 17. Na5 Rb8 18. Bd3 Bxd3 19. Qxd3 c4 20. Nxc4 dxc4 21. Qxc4 Nb6 22. Qb3 Nd5 23. Ne4 Qb4 24. Nf6+ Kd8 25. Qxb4 Nxb4 26. c3 Nd5 27. Nxd5 exd5 28. f5 Kd7 29. Rdf1 hxg4 30. hxg4 Rbg8 31. Kd2 Ne8 32. Rxh8 Rxh8 33. Rf2 Rg8 34. Rg2 Ng7 35. Rh2 Ne8 36. Rh4 b5 37. axb5 axb5 38. Ke3 f6 39. Kf4 Ke7 40. Rh6 Rf8 41. exf6+ Nxf6 42. g5 Ne4 43. Rb6 Nd6 44. f6+ Ke6 45. Rc6 Kd7 46. Ra6 Rh8 47. Ra7+ Kc6 48. g6 Rg8 49. f7 1-0

[Event "SCO-ch 120th"]
[Site "Helensburgh"]
[Date "2013.07.10"]
[Round "5"]
[White "Doyle, James J"]
[Black "Burrows, Martin P"]
[Result "0-1"]
[WhiteElo "2009"]
[BlackElo "2157"]
[PlyCount "74"]
[EventDate "2013.07.06"]
[EventType "swiss"]
[EventRounds "9"]
[EventCountry "SCO"]
[SourceTitle "EXT 2014"]
[Source "ChessBase"]
[SourceDate "2013.11.20"]
[SourceVersion "1"]
[SourceVersionDate "2013.11.20"]
[SourceQuality "1"]

1. d4 Nf6 2. c4 e6 3. Nc3 Bb4 4. e3 b6 5. a3 Bxc3+ 6. bxc3 0-0 7. Ne2 Ba6 8. Ng3 Nc6 9. Bd3 Na5 10. Qe2 d6 11. 0-0 e5 12. e4 Qd7 13. Nf5 Kh8 14. Bg5 Ng8 15. f4 f6 16. Bh4 g6 17. Ne3 exf4 18. Nd5 g5 19. Be1 Rae8 20. Nb4 Bb7 21. d5 Nb3 22. Rb1 Nc5 23. Bf2 Ne7 24. Nc2 Ng6 25. Bd4 Ne5 26. Bxe5 fxe5 27. Ne1 Bc8 28. Bc2 Qg7 29. Kh1 g4 30. a4 a5 31. Nd3 Nxd3 32. Bxd3 Rf6 33. c5 dxc5 34. Rbd1 Rh6 35. Bb5 Rxh2+ 36. Kg1 Qh6 37. Bxe8 Rh1+ 0-1

[Event "SCO-ch 120th"]
[Site "Helensburgh"]
[Date "2013.07.07"]
[Round "2"]
[White "Grant, Jonathan"]
[Black "Doyle, James J"]
[Result "1-0"]
[WhiteElo "2235"]
[BlackElo "2009"]
[PlyCount "107"]
[EventDate "2013.07.06"]
[EventType "swiss"]
[EventRounds "9"]
[EventCountry "SCO"]
[SourceTitle "EXT 2014"]
[Source "ChessBase"]
[SourceDate "2013.11.20"]
[SourceVersion "1"]
[SourceVersionDate "2013.11.20"]
[SourceQuality "1"]

1. c4 Nf6 2. Nc3 e5 3. Nf3 Nc6 4. g3 d6 5. Bg2 Be7 6. d4 exd4 7. Nxd4 Nxd4 8. Qxd4 0-0 9. 0-0 a6 10. b3 Nd7 11. Nd5 Bf6 12. Nxf6+ Qxf6 13. Bb2 Qxd4 14. Bxd4 Rb8 15. Rad1 Re8 16. Rfe1 b6 17. Bc6 Re7 18. f4 Nf8 19. Rd2 Ne6 20. Bf2 Nd8 21. Bg2 Bb7 22. e4 Ne6 23. e5 dxe5 24. Bxb7 Rxb7 25. Rxe5 f6 26. Re1 Kf7 27. f5 Ng5 28. Rxe7+ Kxe7 29. Kg2 c5 30. Re2+ Kd7 31. g4 Nf7 32. Bg3 b5 33. Rc2 Ng5 34. Bf4 Nf7 35. h3 a5 36. cxb5 Rxb5 37. Kf3 Kc6 38. Re2 a4 39. bxa4 Rb4 40. Re7 Ne5+ 41. Bxe5 fxe5 42. a5 Ra4 43. a6 Kd5 44. Rd7+ Kc6 45. Rxg7 Rxa6 46. Rxh7 Kd5 47. Rd7+ Kc6 48. Rd2 Ra4 49. Ke3 Ra3+ 50. Ke4 Rxh3 51. Kxe5 c4 52. g5 Rd3 53. Rc2 Kc5 54. g6 1-0

[Event "SCO-ch 119th"]
[Site "Glasgow"]
[Date "2012.07.12"]
[Round "6"]
[White "Brown, Martin"]
[Black "Doyle, James J"]
[Result "1-0"]
[WhiteElo "2224"]
[BlackElo "2020"]
[PlyCount "43"]
[EventDate "2012.07.07"]
[EventType "swiss"]
[EventRounds "9"]
[EventCountry "SCO"]
[SourceTitle "CBM 149 Extra"]
[Source "ChessBase"]
[SourceDate "2012.08.24"]
[SourceVersion "1"]
[SourceVersionDate "2012.08.24"]
[SourceQuality "1"]

1. e4 c6 2. d4 d5 3. Nc3 dxe4 4. Nxe4 Nf6 5. Nxf6+ gxf6 6. c3 Bf5 7. Nf3 e6 8. g3 Nd7 9. Bg2 Be4 10. 0-0 c5 11. Re1 f5 12. Ng5 Qf6 13. Nxe4 fxe4 14. Bxe4 0-0-0 15. Qa4 a6 16. Qb3 b5 17. a4 cxd4 18. axb5 dxc3 19. bxa6 Nc5 20. Qb5 e5 21. a7 Kc7 22. Bg5 1-0

[Event "SCO-ch 118th"]
[Site "Edinburgh"]
[Date "2011.07.10"]
[Round "2"]
[White "Scott, Jonathan"]
[Black "Doyle, James J"]
[Result "1/2-1/2"]
[WhiteElo "1810"]
[BlackElo "2049"]
[PlyCount "171"]
[EventDate "2011.07.09"]
[EventType "swiss"]
[EventRounds "9"]
[EventCountry "SCO"]
[SourceTitle "CBM 143 Extra"]
[Source "ChessBase"]
[SourceDate "2011.08.29"]
[SourceVersion "1"]
[SourceVersionDate "2011.08.29"]
[SourceQuality "1"]

1. d4 Nf6 2. Nf3 d5 3. c4 c6 4. Nc3 Bf5 5. cxd5 cxd5 6. Qb3 Qb6 7. Nxd5 Nxd5 8. Qxd5 e6 9. Qb3 Bb4+ 10. Bd2 Nc6 11. e3 0-0 12. a3 Bxd2+ 13. Nxd2 Rad8 14. Qxb6 axb6 15. Be2 e5 16. e4 Nxd4 17. Rc1 Be6 18. Bc4 b5 19. Bxe6 Nxe6 20. Nf3 Nf4 21. Nxe5 Rfe8 22. g3 Rxe5 23. gxf4 Rxe4+ 24. Kf1 Rxf4 25. Rc7 g6 26. Ke2 Re8+ 27. Kf1 Re5 28. Rg1 Ref5 29. Rg2 h5 30. Ke2 h4 31. Rc3 b4 32. Rb3 bxa3 33. bxa3 b5 34. f3 Re5+ 35. Kd2 Rd4+ 36. Rd3 Ra4 37. Rg1 b4 38. axb4 Rxb4 39. Kc3 Ra4 40. Rg4 Rxg4 41. fxg4 Re4 42. h3 g5 43. Rf3 Kg7 44. Kd3 Ra4 45. Ke2 Ra2+ 46. Kf1 f6 47. Kg1 Kf7 48. Rb3 Ke6 49. Rb6+ Kf7 50. Rb7+ Kg6 51. Rb6 Ra3 52. Kg2 Rd3 53. Ra6 Rd2+ 54. Kg1 Kf7 55. Ra7+ Ke6 56. Ra6+ Ke5 57. Ra5+ Kf4 58. Ra4+ Ke5 59. Ra5+ Ke4 60. Ra8 f5 61. gxf5 Kxf5 62. Ra4 Rd5 63. Kf2 Rb5 64. Kg2 Rb2+ 65. Kg1 Re2 66. Rg4 Re4 67. Rg2 Re1+ 68. Kh2 Re5 69. Rg4 Ke6 70. Kg2 Rf5 71. Ra4 Rb5 72. Rg4 Kf5 73. Kh2 Rb2+ 74. Kh1 Rf2 75. Ra4 Rf4 76. Ra5+ Kg6 77. Ra6+ Kf7 78. Ra7+ Kg6 79. Ra6+ Kh5 80. Ra5 Rf3 81. Kh2 Re3 82. Rb5 Kg6 83. Ra5 Kf6 84. Ra4 Kf5 85. Rg4 Re2+ 86. Kh1 1/2-1/2

[Event "Prestwick Airport op"]
[Site "Prestwick"]
[Date "2011.05.15"]
[Round "4"]
[White "Robinson, Stephen"]
[Black "Doyle, James J"]
[Result "0-1"]
[WhiteElo "1683"]
[BlackElo "1897"]
[PlyCount "97"]
[EventDate "2011.05.13"]
[EventType "swiss"]
[EventRounds "5"]
[EventCountry "SCO"]
[SourceTitle "EXT 2023"]
[Source "ChessBase"]
[SourceDate "2022.10.05"]
[SourceVersion "1"]
[SourceVersionDate "2022.10.05"]
[SourceQuality "1"]

1. b4 Nf6 2. Bb2 d5 3. e3 Bf5 4. f4 e6 5. a3 c6 6. Nf3 Nbd7 7. Be2 c5 8. b5 c4 9. 0-0 Qb6 10. Nd4 h5 11. a4 Qd8 12. Nf3 Ne4 13. Nc3 Ndc5 14. Nxe4 Nxe4 15. Nd4 Rc8 16. Nxf5 exf5 17. Bd4 Ra8 18. d3 cxd3 19. cxd3 Nf6 20. Rc1 Bd6 21. Bf3 0-0 22. Bxh5 Qe7 23. Bf3 Ba3 24. Rb1 Bc5 25. Bxc5 Qxc5 26. Qd2 Rfe8 27. Rfe1 Rad8 28. Rbc1 Qd6 29. h3 Re7 30. g4 Qe6 31. g5 Nd7 32. Qa2 Qb6 33. d4 Nf8 34. Bxd5 Ng6 35. Qc4 Rde8 36. Kf2 Qa5 37. Rc3 Qb6 38. Kg3 Qd6 39. Bxf7+ Rxf7 40. Rf1 Kf8 41. h4 Ne7 42. Qc5 Qg6 43. d5 Rc8 44. Qd4 Rd8 45. Qb4 Kg8 46. Rd1 Qh5 47. d6 Qg4+ 48. Kf2 Qxd1 49. Qc4 0-1